Normal view
MARC view
- Qualitative research.
Entry Topical Term
001 - CONTROL NUMBER
- control field: 1131
003 - CONTROL NUMBER IDENTIFIER
- control field: OSt
005 - DATE AND TIME OF LATEST TRANSACTION
- control field: 20170504095639.0
008 - FIXED-LENGTH DATA ELEMENTS
- fixed length control field: 170504|| aca||aabn | a|a d
040 ## - CATALOGING SOURCE
- Original cataloging agency: OSt
- Transcribing agency: OSt
150 ## - HEADING--TOPICAL TERM
- Topical term or geographic name entry element: Qualitative research.
670 ## - SOURCE DATA FOUND
- Source citation: Work cat.: (OSt): Lichtman, Marilyn. 1130, Qualitative research for the social sciences /, [2014]

PORTAL AKMAL
E-MEL JKDM
AKMAL2U
G-BAM
u-PUSTAKA